00395nam a2200121Ia 4500008004100000082002100041100003300062245006000095260002200155300001100177440004800188651003700236120622s9999 xx 000 0 und d a086.1 P832m v.24 aAragón Echeagaray, Enrique aFisonomías de la ciudad / Enrique Aragón Echeagaray aMéxico : D.D.F. a111 p. aColección popular Ciudad de México ; 24 a1. MEXICO (CIUDAD) - HISTORIAÌ